Vocabulary advantage for GRE/CAT/GMAT and other examinations / (Record no. 87501)

MARC details
000 -LEADER
fixed length control field 00625nam a22001937a 4500
005 - DATE AND TIME OF LATEST TRANSACTION
control field 20140821114642.0
010 ## - LCCN (DPL NO)
LC control number ENG-110592
020 ## - INTERNATIONAL STANDARD BOOK NUMBER
Terms of availability 399.00
International Standard Book Number 9788131759219
035 ## - SYSTEM CONTROL NUMBER
System control number EN-94124
037 ## - SOURCE OF ACQUISITION
Source of stock number/acquisition DBAD/PUB
082 ## - DEWEY DECIMAL CLASSIFICATION NUMBER
Classification number 483
100 ## - MAIN ENTRY--PERSONAL NAME
Personal name Gill, Japinder
245 ## - TITLE STATEMENT
Title Vocabulary advantage for GRE/CAT/GMAT and other examinations /
Statement of responsibility, etc by Japinder Gill
260 ## - PUBLICATION, DISTRIBUTION, ETC. (IMPRINT)
Place of publication, distribution, etc Noida
Name of publisher, distributor, etc Dorling Kindersley
Date of publication, distribution, etc 2012
270 ## - ADDRESS
Address 7th Floor Knowledge Boulvard, A-8(A) Sector 62
City Noida
Postal code 201309
300 ## - PHYSICAL DESCRIPTION
Extent 426p.
Dimensions 27cm(pbk)
500 ## - GENERAL NOTE
General note Includes bibliographical references and index
942 ## - ADDED ENTRY ELEMENTS (KOHA)
Source of classification or shelving scheme Dewey Decimal Classification
Item type English Books
Call number suffix GIL
Classification part 483
Holdings
Withdrawn status Lost status Not for loan Collection code Home library Current library Date acquired Source of acquisition Cost, normal purchase price Full call number Barcode Copy number Cost, replacement price Koha item type
    Not For Loan Non-fiction D.B.Act.Division D.B.Act.Division 30/07/2014 DBAD/PUB 399.00 483 GIL EN-94124 1 399.00 English Books

© Delhi Public Library
Hit Counter
free hit counter